The Dead Sea Scrolls and the Jewish Origins of Christianity /

Los manuscritos del Mar Muerto son una colección de varios pergaminos escritos en hebreo y arameo, al parecer, por una comunidad judía denominada esenios, contienen información de arqueología bíblica que datan entre los siglo III a.C y I d.C., los cuales permiten develar las fuentes judías del crist...

Повний опис

Збережено в:
Бібліографічні деталі
Автор: Thiede, Carsten Peter (autor)
Формат: Книга
Мова:Англійська
Опубліковано: Oxford, Inglaterra : Lion, 2000, c2000
Предмети:
Теги: Додати тег
Немає тегів, Будьте першим, хто поставить тег для цього запису!

MARC

LEADER 00000nam^a2200000^a^4500
001 000314904
005 20250521000000.0
009 20260310113228.092
020 |a 0-7459-4262-8 
037 |a Acervo Xavier Clavigero 
041 |a ING 
082 |a 296. 155  |b THI 
100 |a Thiede, Carsten Peter  |e (autor) 
245 1 4 |a The Dead Sea Scrolls and the Jewish Origins of Christianity /  |c C.P. Thiede. 
264 4 |a Oxford, Inglaterra :  |b Lion,  |c 2000, c2000 
300 |a 256 p. 
336 |a texto  |b txt  |2 rdacontenido 
337 |a sin mediación  |b n  |2 rdamedio 
338 |a volumen  |b nc  |2 rdasoporte 
520 |a Los manuscritos del Mar Muerto son una colección de varios pergaminos escritos en hebreo y arameo, al parecer, por una comunidad judía denominada esenios, contienen información de arqueología bíblica que datan entre los siglo III a.C y I d.C., los cuales permiten develar las fuentes judías del cristianismo. Y es lo que el autor Carsten Peter (1952-2004), alemán especialista en Biblia y papirología. 
649 |a XX 
650 |a Judíos -  |x Historia 
650 |a Manuscritos del Mar Muerto -  |x Historia y Crítica -  |x Tema Principal 
650 |a Biblia - Arqueología 
650 |a Biblia -  |x Historia y Crítica 
650 |a Libros Sagrados -  |x Historia y Crítica 
650 |a Judaísmo -  |x Historia 
650 |a Cristianismo -  |x Historia 
650 |a Religión -  |x Historia 
650 |a Israel -  |x Historia 
650 |a Palestina -  |x Historia 
650 |a Historia Antigua 
910 |a Fondo General 
920 |a Impresos - Libros 
930 |a Colección General 
905 |a 101 
901 |a 0500201792  |b IT1  |c ACC  |u 20250521 
902 |a https://opac.biblio.iteso.mx/vufind/Record/000314904